[Event "CAN-op"]
[Site "Edmonton CAN"]
[Date "2005.07.10"]
[Round "2.90"]
[White "Panjwani, Dilip"]
[Black "Ross, Malcolm"]
[Result "1-0"]
[WhiteElo "1662"]
[BlackElo "1251"]
[PlyCount "107"]
[GameId "2160767910901449"]
[EventDate "2005.07.09"]
[EventType "swiss"]
[EventRounds "10"]
[EventCountry "CAN"]

1. e4 e5 2. Nf3 Nc6 3. d4 exd4 4. Bc4 Bb4+ 5. Bd2 Nf6 6. Bxb4 Nxb4 7. a3 Nc6 8. e5 d5 9. Bb5 Ne4 10. Nxd4 Bd7 11. Nxc6 Bxc6 12. Bxc6+ bxc6 13. O-O O-O 14. f3 Nc5 15. Re1 Qg5 16. g3 Ne6 17. Kh1 Qh5 18. Nd2 f6 19. f4 Qxd1 20. Raxd1 fxe5 21. Rxe5 Rf6 22. Nf3 Rb8 23. b3 Rd8 24. Rde1 Nf8 25. Re7 Rf7 26. Rxf7 Kxf7 27. Ne5+ Kf6 28. Nxc6 Rd6 29. Nd4 c5 30. Nf3 Ne6 31. Re5 d4 32. Nd2 Rc6 33. Ne4+ Ke7 34. f5 c4 35. Rxe6+ Rxe6 36. fxe6 cxb3 37. cxb3 Kxe6 38. Kg2 Kf5 39. Kf3 g5 40. h3 h5 41. g4+ hxg4+ 42. hxg4+ Kg6 43. Ke2 Kf7 44. Nxg5+ Kf6 45. Ne4+ Ke5 46. Kd3 Kf4 47. g5 Ke5 48. g6 Ke6 49. Kxd4 Ke7 50. Ke5 Kf8 51. Kf6 a5 52. b4 axb4 53. axb4 Kg8 54. b5 1-0

[Event "CAN-op"]
[Site "Edmonton CAN"]
[Date "2005.07.10"]
[Round "2.92"]
[White "Mattson, Marvin"]
[Black "Enns, Edward"]
[Result "1-0"]
[WhiteElo "1703"]
[BlackElo "1245"]
[PlyCount "65"]
[GameId "2160767910901451"]
[EventDate "2005.07.09"]
[EventType "swiss"]
[EventRounds "10"]
[EventCountry "CAN"]

1. c4 Nf6 2. Nc3 g6 3. g3 Bg7 4. Bg2 e6 5. e4 O-O 6. Nge2 Ne8 7. O-O c6 8. d4 Nc7 9. f4 d5 10. cxd5 cxd5 11. e5 f6 12. b3 Nc6 13. Ba3 Rf7 14. Rc1 b5 15. Bd6 a6 16. a4 b4 17. Na2 Bb7 18. Nxb4 Qd7 19. Nxc6 Bxc6 20. Qc2 Bb5 21. axb5 Nxb5 22. Qc6 fxe5 23. Qxa8+ Bf8 24. fxe5 Nxd6 25. exd6 Qxd6 26. Rxf7 Kxf7 27. Rf1+ Kg7 28. Qe8 Qe7 29. Qxe7+ Bxe7 30. Nf4 Kf7 31. Nxd5+ Ke8 32. Nxe7 Kxe7 33. Ra1 1-0

[Event "CAN-op"]
[Site "Edmonton CAN"]
[Date "2005.07.10"]
[Round "2.94"]
[White "Longo, Tyler"]
[Black "Bullerkist, Caitlin"]
[Result "1-0"]
[WhiteElo "1733"]
[BlackElo "1226"]
[PlyCount "147"]
[GameId "2160767910901453"]
[EventDate "2005.07.09"]
[EventType "swiss"]
[EventRounds "10"]
[EventCountry "CAN"]

1. d4 d5 2. Nf3 Nf6 3. Bf4 a6 4. h3 Bf5 5. e3 Nc6 6. Bd3 e6 7. O-O Bd6 8. Bxf5 exf5 9. c4 b6 10. Qa4 Qd7 11. Bxd6 cxd6 12. Nc3 Ne7 13. Qb3 Qc6 14. cxd5 Nexd5 15. Nxd5 Nxd5 16. Rac1 Qb5 17. Qxb5+ axb5 18. Rfd1 O-O 19. Rc6 Rfd8 20. a3 Rac8 21. Rdc1 Ne7 22. Rxc8 Nxc8 23. Rc6 Kf8 24. Ne1 Ke7 25. Nd3 Kd7 26. Nb4 Re8 27. Kh2 f4 28. Rc3 Ke6 29. d5+ Kf5 30. exf4 Kxf4 31. Rf3+ Kg5 32. Rxf7 Kg6 33. Rc7 Rf8 34. Kg3 h5 35. h4 Kf6 36. Rc6 g6 37. f4 Kf5 38. Kf3 Re8 39. Nc2 Rf8 40. Nd4+ Kf6 41. Nxb5 Ke7 42. Rc7+ Kd8 43. Rg7 Rf6 44. g4 Ne7 45. g5 Rf5 46. Nxd6 Rxd5 47. Nf7+ Ke8 48. Ne5 Kf8 49. Rf7+ Ke8 50. Rf6 Nf5 51. Nxg6 Ng7 52. Rf8+ Kd7 53. Rf7+ Ke6 54. Rxg7 Rd3+ 55. Ke4 Rd5 56. Re7+ Kd6 57. Rd7+ Kxd7 58. Kxd5 Ke8 59. f5 Kf7 60. Kc6 b5 61. Kxb5 Ke8 62. a4 Kd7 63. a5 Kc7 64. f6 Kd7 65. f7 Kd6 66. f8=Q+ Kd5 67. Qa8+ Kd4 68. b4 Kc3 69. Qe4 Kd2 70. Qf3 Kc2 71. Kc4 Kd2 72. Qf2+ Kd1 73. Kc3 Kc1 74. Qf1# 1-0

[Event "CAN-op"]
[Site "Edmonton CAN"]
[Date "2005.07.10"]
[Round "2.95"]
[White "Wang, Hao"]
[Black "Beebe, Greg"]
[Result "0-1"]
[WhiteElo "1271"]
[BlackElo "1637"]
[PlyCount "129"]
[GameId "2160767910901454"]
[EventDate "2005.07.09"]
[EventType "swiss"]
[EventRounds "10"]
[EventCountry "CAN"]

1. d4 Nf6 2. c4 d5 3. cxd5 Qxd5 4. Nc3 Qd8 5. e4 e6 6. Bg5 Be7 7. Bxf6 Bxf6 8. e5 Be7 9. Nf3 b6 10. a3 Bb7 11. Be2 O-O 12. O-O a6 13. Qb3 Nc6 14. Rad1 Qb8 15. Rd2 Qa7 16. Rfd1 b5 17. Qa2 Bc8 18. b4 h6 19. Ne1 Rb8 20. Bf3 Bd7 21. Be4 a5 22. Bxc6 Bxc6 23. Nc2 axb4 24. Nxb4 Bd7 25. d5 Bxb4 26. axb4 Qxa2 27. Rxa2 exd5 28. Nxd5 Be6 29. Ra7 c6 30. Ne7+ Kh7 31. Nxc6 Rb6 32. Rc7 Rc8 33. Rxc8 Bxc8 34. Rd6 Ra6 35. h3 Ra1+ 36. Kh2 Be6 37. f4 Bc4 38. f5 Ra2 39. e6 fxe6 40. fxe6 Re2 41. e7 Kg8 42. Rd7 g6 43. Na7 Kf7 44. Nc8 Ke8 45. Rd8+ Kf7 46. Nd6+ Kxe7 47. Re8+ Kxd6 48. Rxe2 Bxe2 49. Kg3 Kd5 50. Kf2 Bd3 51. Ke3 Kc4 52. Kd2 h5 53. h4 Be4 54. g3 Kxb4 55. Kc1 Kc3 56. Kd1 b4 57. Ke2 Kd4 58. Kd2 b3 59. Kc1 Kc3 60. Kd1 b2 61. Ke2 b1=Q 62. Kf2 Qd3 63. g4 Qf3+ 64. Ke1 Bd3 65. gxh5 0-1

[Event "CAN-op"]
[Site "Edmonton CAN"]
[Date "2005.07.10"]
[Round "2.97"]
[White "Pradzinski, Alex"]
[Black "Mrugala, David"]
[Result "0-1"]
[WhiteElo "1236"]
[BlackElo "1627"]
[PlyCount "88"]
[GameId "2160767910901455"]
[EventDate "2005.07.09"]
[EventType "swiss"]
[EventRounds "10"]
[EventCountry "CAN"]

1. e4 c6 2. d4 d5 3. e5 Bf5 4. Nf3 e6 5. Nc3 Nd7 6. Bd3 Bxd3 7. Qxd3 Ne7 8. O-O Nf5 9. Bf4 Qb6 10. b3 Rc8 11. Be3 h6 12. Rfe1 Be7 13. a3 O-O 14. a4 a6 15. Rab1 c5 16. b4 cxb4 17. h3 Rxc3 18. Qd2 Nxe3 19. Qxc3 bxc3 20. Rxb6 Nxb6 21. Rxe3 Nxa4 22. Re1 b5 23. Ra1 Rb8 24. Ne1 Bd8 25. Nd3 a5 26. Rb1 Nb2 27. Nxb2 cxb2 28. Rxb2 b4 29. f4 Rc8 30. Ra2 Rc4 31. Kf2 Rxd4 32. g3 Bb6 33. Ke2 Rc4 34. Kd2 Rc3 35. Rb2 Rxg3 36. h4 Rf3 37. Rb3 Rxf4 38. Kd3 Rxh4 39. c3 Rh3+ 40. Kc2 Rxc3+ 41. Rxc3 bxc3 42. Kxc3 h5 43. Kd3 h4 44. Ke2 a4 0-1

[Event "CAN-op"]
[Site "Edmonton CAN"]
[Date "2005.07.10"]
[Round "2.98"]
[White "Meller, Jeremy"]
[Black "Bowles, Charles"]
[Result "0-1"]
[WhiteElo "1143"]
[BlackElo "1625"]
[PlyCount "40"]
[GameId "2160767910901456"]
[EventDate "2005.07.09"]
[EventType "swiss"]
[EventRounds "10"]
[EventCountry "CAN"]

1. e4 e5 2. Nc3 Nf6 3. Bc4 Be7 4. Nf3 d6 5. d4 exd4 6. Qxd4 O-O 7. e5 c5 8. Qe3 Ng4 9. Qf4 Nxe5 10. Nxe5 dxe5 11. Qxe5 Bd6 12. Qd5 Qe7+ 13. Ne4 Be6 14. Qxd6 Qh4 15. Nd2 Bxc4 16. b3 Re8+ 17. Kd1 Be2+ 18. Ke1 Ba6+ 19. Kd1 Qxf2 20. Nc4 Qe2# 0-1

[Event "CAN-op"]
[Site "Edmonton CAN"]
[Date "2005.07.10"]
[Round "2.99"]
[White "Milner, Din"]
[Black "Seehagen, Terry"]
[Result "0-1"]
[WhiteElo "1132"]
[BlackElo "1608"]
[PlyCount "70"]
[GameId "2160767910901457"]
[EventDate "2005.07.09"]
[EventType "swiss"]
[EventRounds "10"]
[EventCountry "CAN"]

1. e4 d5 2. Nc3 d4 3. Nce2 e5 4. f4 Bd6 5. d3 Bg4 6. fxe5 Bxe5 7. Nf3 Bxf3 8. gxf3 Qh4+ 9. Kd2 Qf2 10. Qe1 Qe3+ 11. Kd1 Qxf3 12. Rg1 Nf6 13. Qa5 Nc6 14. Bg2 Qxg2 15. Qxe5+ Nxe5 16. Rxg2 Neg4 17. Nxd4 O-O-O 18. Nf5 Nxe4 19. h3 Ngf2+ 20. Ke2 Rhe8 21. dxe4 Nxe4 22. Kf3 Rd1 23. b3 Rf1+ 24. Kg4 h5+ 25. Kxh5 Rxf5+ 26. Kg4 Rf1 27. Bb2 f5+ 28. Kh5 Rxa1 29. Bxa1 g6+ 30. Kh6 g5 31. Kg6 f4 32. Re2 f3 33. Re3 Rf8 34. Re1 f2 35. Rf1 Nd2 0-1

[Event "CAN-op"]
[Site "Edmonton CAN"]
[Date "2005.07.10"]
[Round "2.100"]
[White "Camphaug, Lincoln"]
[Black "Greber, Caitlin"]
[Result "1-0"]
[WhiteElo "1602"]
[BlackElo "1060"]
[PlyCount "69"]
[GameId "2160767910901458"]
[EventDate "2005.07.09"]
[EventType "swiss"]
[EventRounds "10"]
[EventCountry "CAN"]

1. e4 e5 2. Nf3 Nc6 3. Bb5 a6 4. Ba4 b5 5. Bb3 Bc5 6. O-O Nf6 7. Nxe5 Nxe5 8. d4 Nc4 9. dxc5 Nxe4 10. Re1 f5 11. f3 O-O 12. fxe4 Bb7 13. Nd2 fxe4 14. Nxe4 Re8 15. Bxc4+ bxc4 16. Bg5 Qc8 17. Qg4 d5 18. Qxc8 Raxc8 19. Nd2 Rxe1+ 20. Rxe1 d4 21. Nxc4 Bd5 22. Nd2 Bxa2 23. b3 Rd8 24. Bxd8 a5 25. Ra1 Bxb3 26. Nxb3 d3 27. cxd3 a4 28. Rxa4 c6 29. Ra7 g5 30. Na5 h5 31. Nxc6 g4 32. Ne5 h4 33. c6 g3 34. c7 h3 35. c8=Q 1-0

[Event "CAN-op"]
[Site "Edmonton CAN"]
[Date "2005.07.10"]
[Round "2.101"]
[White "Cheetham, Roarke"]
[Black "MacLeod, Damon"]
[Result "0-1"]
[WhiteElo "1044"]
[BlackElo "1601"]
[PlyCount "58"]
[GameId "2160767910901459"]
[EventDate "2005.07.09"]
[EventType "swiss"]
[EventRounds "10"]
[EventCountry "CAN"]

1. d4 c5 2. Nf3 cxd4 3. Nxd4 e5 4. Nf3 e4 5. Nd4 Nc6 6. Nxc6 bxc6 7. c4 Nf6 8. a3 h6 9. Nc3 a5 10. Bf4 Bc5 11. e3 O-O 12. Be2 Ba6 13. O-O d5 14. Rb1 Re8 15. b4 axb4 16. axb4 Bd6 17. Bxd6 Qxd6 18. c5 Qe5 19. Bxa6 Rxa6 20. b5 cxb5 21. Nxb5 Nd7 22. f4 exf3 23. Rxf3 Nxc5 24. Qd4 Ne4 25. Rc1 Ng5 26. Nc7 Nxf3+ 27. gxf3 Rg6+ 28. Kh1 Qg5 29. Nxe8 Qg2# 0-1

[Event "CAN-op"]
[Site "Edmonton CAN"]
[Date "2005.07.10"]
[Round "2.102"]
[White "Corsmeier, Tom"]
[Black "Taylor, Matthew"]
[Result "1-0"]
[WhiteElo "1598"]
[BlackElo "999"]
[PlyCount "65"]
[GameId "2160767910901460"]
[EventDate "2005.07.09"]
[EventType "swiss"]
[EventRounds "10"]
[EventCountry "CAN"]

1. e4 e6 2. d4 Nc6 3. d5 Na5 4. Bd2 Nf6 5. Bxa5 Nxe4 6. dxe6 fxe6 7. Qh5+ Ke7 8. Bd3 Nd6 9. Nf3 g6 10. Qe5 Rg8 11. O-O b6 12. Bc3 Bb7 13. Qg5+ Ke8 14. Qxd8+ Rxd8 15. Nbd2 g5 16. Bxh7 Rg7 17. Bxg7 Bxg7 18. c3 Bd5 19. Nxg5 Ke7 20. Rae1 a5 21. f4 Nb5 22. f5 Bxa2 23. f6+ Kf8 24. fxg7+ Kxg7 25. Rf7+ Kh6 26. Nde4 Kh5 27. Ref1 Bd5 28. R1f3 Kg4 29. h3+ Kh5 30. Rg3 Kh4 31. Nf3+ Kh5 32. Bg6+ Kh6 33. Rh7# 1-0

[Event "CAN-op"]
[Site "Edmonton CAN"]
[Date "2005.07.10"]
[Round "3"]
[White "Bullerkist, Caitlin"]
[Black "Willie, Joshua"]
[Result "0-1"]
[WhiteElo "1226"]
[BlackElo "1555"]
[PlyCount "88"]
[GameId "2160767910901461"]
[EventDate "2005.07.09"]
[EventType "swiss"]
[EventRounds "10"]
[EventCountry "CAN"]
[SourceTitle "CBM 107 Extra"]
[Source "ChessBase"]
[SourceDate "2005.09.01"]
[SourceVersion "1"]
[SourceVersionDate "2005.09.01"]
[SourceQuality "1"]

1. e4 e5 2. Nf3 Nc6 3. Bc4 Bc5 4. O-O Qf6 5. d3 h6 6. Be3 Be7 7. Nc3 Bd8 8. Nd5 Qg6 9. Qd2 d6 10. h3 Bxh3 11. Ng5 hxg5 12. gxh3 Qh5 13. f3 Qxh3 14. Qg2 Qxg2+ 15. Kxg2 f6 16. Kf2 a6 17. Rh1 Rh6 18. a4 Nce7 19. b3 c6 20. Nc3 Ba5 21. Bd2 Bxc3 22. Bxc3 d5 23. exd5 cxd5 24. Bxd5 Nxd5 25. Bd2 Rxh1 26. Rxh1 Nh6 27. c4 Nf4 28. Ke3 Rd8 29. Ba5 Rxd3+ 30. Kf2 Rxb3 31. Kg3 e4 32. Rf1 e3 33. Ra1 Nf5+ 34. Kg4 g6 35. Bc7 Kd7 36. Bxf4 gxf4 37. Kxf4 Rb2 38. a5 e2 39. Ke4 Rd2 40. f4 Rd1 41. Rxd1+ exd1=Q 42. c5 Qd4+ 43. Kf3 Qe3+ 44. Kg4 Qg3# 0-1

[Event "CAN-op"]
[Site "Edmonton CAN"]
[Date "2005.07.10"]
[Round "3"]
[White "Chan, Michael2"]
[Black "Brown, Grant"]
[Result "1-0"]
[WhiteElo "1700"]
[BlackElo "1980"]
[PlyCount "49"]
[GameId "2160767910901462"]
[EventDate "2005.07.09"]
[EventType "swiss"]
[EventRounds "10"]
[EventCountry "CAN"]
[SourceTitle "CBM 107 Extra"]
[Source "ChessBase"]
[SourceDate "2005.09.01"]
[SourceVersion "1"]
[SourceVersionDate "2005.09.01"]
[SourceQuality "1"]

1. d4 Nf6 2. Nf3 e6 3. Bf4 d5 4. e3 Bd6 5. Nbd2 Bxf4 6. exf4 Qd6 7. Ne5 Nc6 8. Nb3 O-O 9. g4 Ne8 10. g5 f6 11. gxf6 Rxf6 12. Bd3 Nb4 13. Bxh7+ Kxh7 14. Qh5+ Rh6 15. Qxe8 Nxc2+ 16. Kd1 Nxa1 17. Nf7 Qxf4 18. Qh8+ Kg6 19. Rg1+ Kh5 20. Qxg7 Qf3+ 21. Kc1 Nxb3+ 22. axb3 Qf4+ 23. Kb1 Qf5+ 24. Ka2 Qg6 25. Rg5+ 1-0

[Event "CAN-op"]
[Site "Edmonton CAN"]
[Date "2005.07.10"]
[Round "3"]
[White "Gauer, Kai"]
[Black "MacFarlane, Donald"]
[Result "0-1"]
[WhiteElo "1132"]
[BlackElo "1479"]
[PlyCount "126"]
[GameId "2160767910901463"]
[EventDate "2005.07.09"]
[EventType "swiss"]
[EventRounds "10"]
[EventCountry "CAN"]
[SourceTitle "CBM 107 Extra"]
[Source "ChessBase"]
[SourceDate "2005.09.01"]
[SourceVersion "1"]
[SourceVersionDate "2005.09.01"]
[SourceQuality "1"]

1. e4 e5 2. Nf3 Nf6 3. d3 Nc6 4. c3 d5 5. Nbd2 Bc5 6. b4 Bd6 7. b5 Ne7 8. exd5 Nfxd5 9. c4 Nf6 10. Ne4 Nxe4 11. dxe4 Bg4 12. Be3 Bxf3 13. gxf3 Ng6 14. c5 Be7 15. Qb3 O-O 16. Rd1 Qe8 17. Bc4 Nh4 18. Ke2 Ng2 19. Rd5 Nf4+ 20. Bxf4 exf4 21. Rf5 g6 22. Rg1 h6 23. Rxf7 Rxf7 24. Rxg6+ Kf8 25. Rxh6 Bf6 26. Bxf7 Qxf7 27. Qxf7+ Kxf7 28. h4 Rd8 29. Kf1 Rd2 30. a4 Ra2 31. h5 Rxa4 32. Rg6 Ra5 33. Rg2 Rxb5 34. h6 Rb1+ 35. Ke2 Rh1 36. Rg4 Rh4 37. h7 Rxg4 38. fxg4 Kg6 39. Kf3 Kg5 40. Ke2 Kxg4 41. f3+ Kg5 42. Kd3 Kg6 43. Kc4 c6 44. Kd3 Kxh7 45. Ke2 Kg6 46. Kd2 Bd4 47. Kd3 Bxc5 48. e5 Kf5 49. e6 a5 50. Kc4 Be7 51. Kc3 Kxe6 52. Kd4 Kf5 53. Kc3 b5 54. Kb3 c5 55. Ka3 b4+ 56. Kb3 Ke5 57. Ka4 c4 58. Kxa5 c3 59. Ka4 c2 60. Kb3 c1=Q 61. Ka2 Qc2+ 62. Ka1 Qd2 63. Kb1 b3 0-1

[Event "CAN-op"]
[Site "Edmonton CAN"]
[Date "2005.07.10"]
[Round "3"]
[White "Grumic, Sasha"]
[Black "Haley, Phil"]
[Result "1-0"]
[WhiteElo "2087"]
[BlackElo "1772"]
[PlyCount "66"]
[GameId "2160767910901465"]
[EventDate "2005.07.09"]
[EventType "swiss"]
[EventRounds "10"]
[EventCountry "CAN"]
[SourceTitle "CBM 107 Extra"]
[Source "ChessBase"]
[SourceDate "2005.09.01"]
[SourceVersion "1"]
[SourceVersionDate "2005.09.01"]
[SourceQuality "1"]

1. e4 d6 2. d4 Nf6 3. Nc3 c6 4. f3 e6 5. Be3 Be7 6. Qd2 b5 7. O-O-O Qa5 8. Kb1 b4 9. Nce2 c5 10. Nc1 Qc7 11. Nd3 Nbd7 12. g4 a5 13. g5 Nh5 14. dxc5 dxc5 15. c4 Nb6 16. Nxc5 O-O 17. Qf2 Rb8 18. Rc1 Rd8 19. f4 Bxc5 20. Bxc5 Nxf4 21. Nf3 Na4 22. Bd4 Ng6 23. Ka1 e5 24. Be3 Be6 25. Qc2 Nc5 26. Qb1 Qc6 27. Nd2 Rd7 28. Be2 Rbd8 29. Rhd1 Nd3 30. Bxd3 Rxd3 31. Nb3 Qxe4 32. Nc5 Qxe3 33. Nxd3 Bf5 1-0

[Event "CAN-op"]
[Site "Edmonton CAN"]
[Date "2005.07.10"]
[Round "3"]
[White "Haessel, Dale"]
[Black "Sundararajan, Kidambi"]
[Result "1/2-1/2"]
[WhiteElo "2230"]
[BlackElo "2524"]
[PlyCount "70"]
[GameId "2160767910901466"]
[EventDate "2005.07.09"]
[EventType "swiss"]
[EventRounds "10"]
[EventCountry "CAN"]
[SourceTitle "CBM 107 Extra"]
[Source "ChessBase"]
[SourceDate "2005.09.01"]
[SourceVersion "1"]
[SourceVersionDate "2005.09.01"]
[SourceQuality "1"]

1. c4 c6 2. g3 d5 3. Bg2 Nf6 4. Qb3 g6 5. Nf3 Bg7 6. O-O O-O 7. d4 dxc4 8. Qxc4 Bf5 9. Nc3 Nbd7 10. Rd1 Bc2 11. Re1 Nb6 12. Qb4 Nfd7 13. a4 a5 14. Qa3 e5 15. Bg5 Qe8 16. dxe5 Nxe5 17. Nd4 Bf5 18. Nxf5 gxf5 19. Rad1 Nbc4 20. Qb3 Qe6 21. e4 Nd2 22. Qxe6 Ndf3+ 23. Kh1 fxe6 24. Bxf3 Nxf3 25. Be7 Rf7 26. Re3 Ne5 27. Bc5 b6 28. Bd4 Nc4 29. Re2 Rd8 30. Bxg7 Rxd1+ 31. Nxd1 Kxg7 32. exf5 exf5 33. Ne3 Nxe3 34. Rxe3 f4 35. Rb3 fxg3 1/2-1/2

[Event "CAN-op"]
[Site "Edmonton CAN"]
[Date "2005.07.10"]
[Round "3"]
[White "Huber, Gregory"]
[Black "Ganguly, Surya Shekhar"]
[Result "0-1"]
[WhiteElo "2310"]
[BlackElo "2636"]
[PlyCount "94"]
[GameId "2160767910901467"]
[EventDate "2005.07.09"]
[EventType "swiss"]
[EventRounds "10"]
[EventCountry "CAN"]
[SourceTitle "CBM 107 Extra"]
[Source "ChessBase"]
[SourceDate "2005.09.01"]
[SourceVersion "1"]
[SourceVersionDate "2005.09.01"]
[SourceQuality "1"]

1. d4 Nf6 2. Bg5 d5 3. Bxf6 exf6 4. g3 c6 5. Bg2 Qb6 6. b3 a5 7. a3 Be7 8. e3 Na6 9. Ne2 h5 10. Nd2 Nc7 11. c4 a4 12. c5 Qa6 13. Nf4 axb3 14. Qxb3 h4 15. f3 Qa5 16. g4 h3 17. Bf1 f5 18. gxf5 Bxf5 19. Bd3 Bh4+ 20. Ke2 Bc8 21. Bc2 Nb5 22. Nb1 Bg5 23. Nd3 f6 24. Rg1 Rh4 25. Qb4 Bxe3 26. Qxa5 Nxd4+ 27. Kxe3 Nxc2+ 28. Kd2 Rxa5 29. Kxc2 Bf5 30. Re1+ Kf7 31. Kd2 Rd4 32. Re3 Rxc5 33. Nc3 Ra5 34. Ne2 Rc4 35. Ne1 Rb5 36. Ng3 Bg6 37. Nd3 Bxd3 38. Rxd3 Rb2+ 39. Ke3 Rxh2 40. Rb1 b5 41. Nf5 Kg6 42. Nd4 Rg2 43. Rh1 h2 44. f4 c5 45. Nxb5 Rcc2 46. Rxd5 Rg3+ 47. Ke4 Re2# 0-1

[Event "CAN-op"]
[Site "Edmonton CAN"]
[Date "2005.07.10"]
[Round "3"]
[White "Hyseni, Astrit"]
[Black "Dzieciolowski, Piotr"]
[Result "1-0"]
[WhiteElo "1805"]
[BlackElo "1686"]
[PlyCount "150"]
[GameId "2160767910901468"]
[EventDate "2005.07.09"]
[EventType "swiss"]
[EventRounds "10"]
[EventCountry "CAN"]
[SourceTitle "CBM 107 Extra"]
[Source "ChessBase"]
[SourceDate "2005.09.01"]
[SourceVersion "1"]
[SourceVersionDate "2005.09.01"]
[SourceQuality "1"]

1. d4 d5 2. c4 e6 3. e3 Nf6 4. Nc3 b6 5. g3 dxc4 6. Bxc4 Bb7 7. f3 Be7 8. Bd2 O-O 9. Qc2 Nc6 10. a3 Na5 11. Ba2 c5 12. dxc5 Bxc5 13. O-O-O Qe7 14. b4 Bxb4 15. axb4 Qxb4 16. Qb2 Qc5 17. Kb1 Nc4 18. Bxc4 Qxc4 19. Qb5 Qc7 20. e4 a6 21. Qb3 b5 22. Nge2 Qb6 23. Bg5 Rfc8 24. Rd3 b4 25. Be3 Qc7 26. Na4 Rab8 27. Rc1 Qe7 28. Rxc8+ Bxc8 29. Kc2 a5 30. Kd1 Ba6 31. Rd2 Rc8 32. Bb6 Bc4 33. Qb1 Ra8 34. Ke1 Nd7 35. Be3 Ne5 36. Kf2 Bb5 37. Nb2 a4 38. Nd4 Be8 39. Nd3 Nxd3+ 40. Rxd3 e5 41. Nf5 Qb7 42. Nd6 Qa6 43. Nxe8 Rxe8 44. Qd1 h6 45. Rd8 Rxd8 46. Qxd8+ Kh7 47. Qd5 f6 48. f4 exf4 49. gxf4 b3 50. Qf5+ Kh8 51. e5 fxe5 52. Qxe5 Qc6 53. Bd4 Qd7 54. Bb2 Qa7+ 55. Bd4 Qb7 56. f5 a3 57. Qe8+ Kh7 58. Qg6+ Kh8 59. Qxh6+ Kg8 60. Qe6+ Kh7 61. Qg6+ Kg8 62. f6 Qf7 63. Qb1 gxf6 64. Qa1 a2 65. Bxf6 Kf8 66. h4 Qg6 67. Qe5 Qc2+ 68. Kg3 Qd3+ 69. Kf4 Qf1+ 70. Kg5 Qg2+ 71. Kh6 Qd2+ 72. Bg5 Qd7 73. Qh8+ Kf7 74. Qg7+ Ke6 75. Qxd7+ Kxd7 1-0

[Event "CAN-op"]
[Site "Edmonton CAN"]
[Date "2005.07.10"]
[Round "3"]
[White "MacLeod, Damon"]
[Black "Mattson, Dane"]
[Result "0-1"]
[WhiteElo "1601"]
[BlackElo "1819"]
[PlyCount "40"]
[GameId "2160767910901471"]
[EventDate "2005.07.09"]
[EventType "swiss"]
[EventRounds "10"]
[EventCountry "CAN"]
[SourceTitle "CBM 107 Extra"]
[Source "ChessBase"]
[SourceDate "2005.09.01"]
[SourceVersion "1"]
[SourceVersionDate "2005.09.01"]
[SourceQuality "1"]

1. e4 e6 2. d4 d5 3. Nd2 Be7 4. c4 dxe4 5. Nxe4 Nd7 6. Nf3 Ngf6 7. Bd3 O-O 8. O-O b6 9. Ng3 Bb7 10. Re1 c5 11. Be3 cxd4 12. Bxd4 Nc5 13. Bc2 Bxf3 14. gxf3 Rc8 15. f4 Na6 16. Nh5 g6 17. Nxf6+ Bxf6 18. Bxf6 Qxf6 19. Qd7 Rxc4 20. Bd3 Nc5 0-1

[Event "CAN-op"]
[Site "Edmonton CAN"]
[Date "2005.07.10"]
[Round "3"]
[White "Pechisker, Alfred"]
[Black "Mulyar, Michael"]
[Result "0-1"]
[WhiteElo "2190"]
[BlackElo "2422"]
[PlyCount "70"]
[GameId "2160767910901474"]
[EventDate "2005.07.09"]
[EventType "swiss"]
[EventRounds "10"]
[EventCountry "CAN"]
[SourceTitle "CBM 107 Extra"]
[Source "ChessBase"]
[SourceDate "2005.09.01"]
[SourceVersion "1"]
[SourceVersionDate "2005.09.01"]
[SourceQuality "1"]

1. d4 d5 2. c4 c6 3. Nc3 Nf6 4. Nf3 e6 5. Bg5 h6 6. Bh4 dxc4 7. a4 Bb4 8. e3 b5 9. Nd2 Bb7 10. Qf3 a6 11. Bxf6 Qxf6 12. Be2 Qe7 13. Qg4 O-O 14. O-O c5 15. Nf3 Nd7 16. Rfb1 Bc6 17. dxc5 Bxc5 18. axb5 axb5 19. Nd4 Bxd4 20. Qxd4 e5 21. Qd1 Nc5 22. Rxa8 Rxa8 23. Ra1 Rd8 24. Qf1 e4 25. Ra2 b4 26. Nb1 Nd3 27. h3 b3 28. Ra3 Nxb2 29. Qc1 Qe5 30. Nd2 Qd6 31. Nb1 Qe5 32. Nd2 Bd5 33. Ra5 Qf6 34. Rxd5 Rxd5 35. Nxe4 Qe5 0-1

[Event "CAN-op"]
[Site "Edmonton CAN"]
[Date "2005.07.10"]
[Round "3"]
[White "Peng, David Yu"]
[Black "Roy Chowdhury, Saptarshi"]
[Result "0-1"]
[WhiteElo "2120"]
[BlackElo "2421"]
[PlyCount "56"]
[GameId "2160767910901475"]
[EventDate "2005.07.09"]
[EventType "swiss"]
[EventRounds "10"]
[EventCountry "CAN"]
[SourceTitle "CBM 107 Extra"]
[Source "ChessBase"]
[SourceDate "2005.09.01"]
[SourceVersion "1"]
[SourceVersionDate "2005.09.01"]
[SourceQuality "1"]

1. e4 c5 2. Nf3 Nc6 3. Nc3 e6 4. d4 cxd4 5. Nxd4 Qc7 6. g3 a6 7. Bg2 Nf6 8. Be3 Be7 9. f4 d6 10. Nb3 O-O 11. O-O Nd7 12. g4 b5 13. g5 Re8 14. a4 b4 15. Ne2 Bb7 16. Ng3 Bf8 17. Rc1 Nb6 18. Bxb6 Qxb6+ 19. Kh1 Rad8 20. f5 Ne5 21. fxe6 fxe6 22. Qd4 Qxd4 23. Nxd4 d5 24. Rcd1 Nc4 25. exd5 Ne3 26. Nxe6 Rxe6 27. dxe6 Bxg2+ 28. Kg1 Rxd1 0-1

[Event "CAN-op"]
[Site "Edmonton CAN"]
[Date "2005.07.10"]
[Round "3"]
[White "Rivas Cabrera, Edgar"]
[Black "Yam, Alex"]
[Result "0-1"]
[WhiteElo "1764"]
[BlackElo "2048"]
[PlyCount "58"]
[GameId "2160767910901476"]
[EventDate "2005.07.09"]
[EventType "swiss"]
[EventRounds "10"]
[EventCountry "CAN"]
[SourceTitle "CBM 107 Extra"]
[Source "ChessBase"]
[SourceDate "2005.09.01"]
[SourceVersion "1"]
[SourceVersionDate "2005.09.01"]
[SourceQuality "1"]

1. e4 e6 2. d4 d5 3. Nc3 dxe4 4. Nxe4 Nd7 5. Nf3 Ngf6 6. Bg5 Be7 7. Bd3 O-O 8. O-O b6 9. Re1 Bb7 10. Nxf6+ Nxf6 11. c3 Rc8 12. a4 c5 13. dxc5 Rxc5 14. Bxf6 Bxf6 15. Be4 Qc7 16. Bxb7 Qxb7 17. Qb3 Qc6 18. Red1 e5 19. h3 Re8 20. Qb4 Qa8 21. Rd7 e4 22. Nh2 e3 23. fxe3 Rxe3 24. Ng4 Rg3 25. Rd2 Bg5 26. Re2 h5 27. Nh2 Be3+ 28. Kh1 Rcg5 29. Rxe3 Qxg2# 0-1

[Event "CAN-op"]
[Site "Edmonton CAN"]
[Date "2005.07.10"]
[Round "3"]
[White "Sorgard, Graham"]
[Black "Neven, Knut"]
[Result "0-1"]
[WhiteElo "1870"]
[BlackElo "2233"]
[PlyCount "76"]
[GameId "2160767910901479"]
[EventDate "2005.07.09"]
[EventType "swiss"]
[EventRounds "10"]
[EventCountry "CAN"]
[SourceTitle "CBM 107 Extra"]
[Source "ChessBase"]
[SourceDate "2005.09.01"]
[SourceVersion "1"]
[SourceVersionDate "2005.09.01"]
[SourceQuality "1"]

1. e4 e6 2. d3 d5 3. Nd2 Nf6 4. Ngf3 Nc6 5. g3 dxe4 6. dxe4 e5 7. Bg2 Bc5 8. O-O O-O 9. c3 a5 10. Qc2 Qe7 11. Nc4 b6 12. Ne3 Be6 13. Nd5 Nxd5 14. exd5 Bxd5 15. Ng5 e4 16. Nxe4 Rad8 17. Re1 f6 18. Bf4 Ne5 19. Rad1 Bf7 20. Nxc5 Qxc5 21. Rxd8 Rxd8 22. Bxe5 fxe5 23. Rd1 Rxd1+ 24. Qxd1 Qd6 25. Qc2 g6 26. a3 Kg7 27. Qe4 Be6 28. Qe2 Bf5 29. Be4 Be6 30. Bd3 c6 31. Be4 Qc5 32. Bd3 Qd6 33. Be4 b5 34. Bd3 Bd5 35. Be4 Bc4 36. Qe3 Qd1+ 37. Kg2 Bf1+ 38. Kg1 Bh3+ 0-1